Sustainable design, climate change and the built environment (Record no. 107588)

MARC details
000 -LEADER
fixed length control field 01221cad a22002055a 4500
001 - CONTROL NUMBER
control field L140975
008 - FIXED-LENGTH DATA ELEMENTS--GENERAL INFORMATION
fixed length control field 071023s2007 xxko f 000 0 eng d
035 ## - SYSTEM CONTROL NUMBER
System control number (Sirsi) u140975
041 0# - LANGUAGE CODE
Language code of text/sound track or separate title eng
050 04 - LIBRARY OF CONGRESS CALL NUMBER
Classification number 333.72 $2 18
110 2# - MAIN ENTRY--CORPORATE NAME
Corporate name or jurisdiction name as entry element Commission for Architecture and the Built Environment
9 (RLIN) 4058
245 00 - TITLE STATEMENT
Title Sustainable design, climate change and the built environment
Medium [electronic resource]
260 ## - PUBLICATION, DISTRIBUTION, ETC.
Place of publication, distribution, etc. London
Name of publisher, distributor, etc. CABE
Date of publication, distribution, etc. 2007
520 ## - SUMMARY, ETC.
Summary, etc. This briefing outlines what CABE will do to tackle the issues of sustainable design, climate change and the built environment. In particular, CABE is concerned with the design and management of buildings, spaces and places; public sector leadership and influence; and scale and sufficiency of action. Sets out CABE's eight objectives for the next three years and suggests actions for government, the public sector, industry and the private sector.
590 ## - LOCAL NOTE (RLIN)
Local note KA NTK
651 #4 - SUBJECT ADDED ENTRY--GEOGRAPHIC NAME
Geographic name United Kingdom
Chronological subdivision
690 ## - LOCAL SUBJECT ADDED ENTRY--TOPICAL TERM (OCLC, RLIN)
Topical term or geographic name as entry element BUILT ENVIRONMENT-SUSTAINABLE CONSTRUCTION
856 40 - ELECTRONIC LOCATION AND ACCESS
Uniform Resource Identifier <a href="https://webarchive.nationalarchives.gov.uk/20110118095356/http://www.cabe.org.uk/files/sustainable-design-and-climate-change.pdf">https://webarchive.nationalarchives.gov.uk/20110118095356/http://www.cabe.org.uk/files/sustainable-design-and-climate-change.pdf</a>
Public note View the briefing free of charge at www.cabe.org.uk...
942 ## - ADDED ENTRY ELEMENTS (KOHA)
Suppress in OPAC 0
Holdings
Withdrawn status Lost status Source of classification or shelving scheme Damaged status Not for loan Home library Current library Shelving location Date acquired Total Checkouts Full call number Barcode Date last seen Copy number Price effective from Koha item type
    Dewey Decimal Classification     Virtual Virtual Online 23/10/2007   ONLINE PUBLICATION 140975-2001 06/08/2019 1 06/08/2019 Book